| LEADER |
00776nam0a2200181 450 |
| 001 |
16848379 |
| 010 |
|
|
|a 978-2-03-609170-2
|b br.
|d 5,99
|
| 100 |
|
|
|a 20250926d2026 u u0frey01 ba
|
| 101 |
0 |
|
|a fre
|
| 102 |
|
|
|a FR
|
| 200 |
0 |
|
|a Petits plats pour bébé
|e 100 % testé
|
| 205 |
|
|
|a Nouvelle édition
|
| 207 |
|
1 |
|a
|
| 215 |
|
|
|a 1 vol. (192 p.)
|c illustrations en couleur
|d 19 x 16 cm
|
| 330 |
|
|
|a Plus de 130 recettes de plats salés et sucrés qui respectent l'équilibre alimentaire et les besoins nutritionnels des tout-petits tout en les éveillant au goût, notamment des purées et des compotes variées.
|
| 900 |
|
|
|a Documentaire
|
| 901 |
|
|
|a Accessible au prêt
|
| 995 |
|
|
|a Bibliothèque
|c Bibliothèque
|f 00156011599834
|h 00156011599834
|k 649.3 PET
|o p
|q a
|r az
|e Bibliothèque
|